[Event "Steinfurt Bezirksklasse 0607"]
[Site "Germany"]
[Date "2007.04.14"]
[Round "7.4"]
[White "Tietz, Hans Joachim"]
[Black "Wallasch, Rolf"]
[Result "1/2-1/2"]
[WhiteElo "1577"]
[BlackElo "1446"]
[PlyCount "44"]
[EventDate "2006.09.30"]
[EventType "team-tourn"]
[EventRounds "7"]
[EventCountry "GER"]
[SourceTitle "EXT 2008"]
[Source "ChessBase"]
[SourceDate "2007.11.25"]
[SourceVersion "1"]
[SourceVersionDate "2007.11.25"]
[SourceQuality "1"]
[WhiteTeam "Saerbeck III"]
[BlackTeam "Ibbenbueren III"]
[WhiteTeamCountry "GER"]
[BlackTeamCountry "GER"]

1. d4 d5 2. c4 e6 3. Nc3 Nf6 4. Bg5 c6 5. e3 Be7 6. Nf3 0-0 7. Bd3 Bb4 8. 0-0 Bxc3 9. bxc3 Nbd7 10. Qc2 h6 11. Bh4 Re8 12. cxd5 cxd5 13. c4 dxc4 14. Bxc4 a6 15. a4 Qa5 16. Bg3 Nh5 17. Bd6 Qb6 18. Ba3 Qc7 19. Bb3 Qxc2 20. Bxc2 Nhf6 21. a5 Nd5 22. Bd3 b5 1/2-1/2

[Event "Steinfurt Bezirksklasse 0607"]
[Site "Germany"]
[Date "2007.03.17"]
[Round "6.4"]
[White "Sperling, Rainer"]
[Black "Tietz, Hans Joachim"]
[Result "1/2-1/2"]
[WhiteElo "1538"]
[BlackElo "1577"]
[PlyCount "24"]
[EventDate "2006.09.30"]
[EventType "team-tourn"]
[EventRounds "7"]
[EventCountry "GER"]
[SourceTitle "EXT 2008"]
[Source "ChessBase"]
[SourceDate "2007.11.25"]
[SourceVersion "1"]
[SourceVersionDate "2007.11.25"]
[SourceQuality "1"]
[WhiteTeam "Reckenfeld II"]
[BlackTeam "Saerbeck III"]
[WhiteTeamCountry "GER"]
[BlackTeamCountry "GER"]

1. e4 e5 2. Nf3 Nc6 3. Bc4 Bc5 4. d3 h6 5. a3 Nf6 6. h3 d6 7. Nc3 a6 8. 0-0 0-0 9. b4 Ba7 10. Nh2 Be6 11. Bxe6 fxe6 12. Be3 Bxe3 1/2-1/2

[Event "Steinfurt Bezirksklasse 0607"]
[Site "Germany"]
[Date "2006.11.25"]
[Round "3.4"]
[White "Tietz, Hans Joachim"]
[Black "Ottens, Josef"]
[Result "1/2-1/2"]
[WhiteElo "1577"]
[BlackElo "1501"]
[PlyCount "79"]
[EventDate "2006.09.30"]
[EventType "team-tourn"]
[EventRounds "7"]
[EventCountry "GER"]
[SourceTitle "EXT 2008"]
[Source "ChessBase"]
[SourceDate "2007.11.25"]
[SourceVersion "1"]
[SourceVersionDate "2007.11.25"]
[SourceQuality "1"]
[WhiteTeam "Saerbeck III"]
[BlackTeam "Steinfurt III"]
[WhiteTeamCountry "GER"]
[BlackTeamCountry "GER"]

1. d4 d5 2. c4 Nf6 3. Nc3 c6 4. e3 e6 5. Nf3 Bb4 6. Qc2 dxc4 7. Bxc4 0-0 8. 0-0 Nbd7 9. Bd2 Re8 10. a3 Bd6 11. h3 e5 12. Ng5 Re7 13. f4 exd4 14. exd4 h6 15. Nxf7 Rxf7 16. Qb3 Qf8 17. Rae1 Nb6 18. Bxf7+ Qxf7 19. Qxf7+ Kxf7 20. g4 Be6 21. f5 Bc4 22. Rf3 Bd5 23. Nxd5 Nbxd5 24. Re6 Bc7 25. Rb3 Bb6 26. Rd3 Rd8 27. Kg2 Bc7 28. Kf3 Re8 29. Rxe8 Kxe8 30. Rb3 b5 31. Rd3 a5 32. Bc1 Bh2 33. Bd2 a4 34. Be1 Kd7 35. b4 axb3 36. Rxb3 Nb6 37. a4 Nxa4 38. Re3 Bd6 39. h4 Nb6 40. Rd3 1/2-1/2

[Event "Steinfurt Bezirksklasse 0607"]
[Site "Germany"]
[Date "2006.10.28"]
[Round "2.3"]
[White "Tietz, Hans Joachim"]
[Black "Winter, Reinhold"]
[Result "1/2-1/2"]
[WhiteElo "1577"]
[BlackElo "1518"]
[PlyCount "70"]
[EventDate "2006.09.30"]
[EventType "team-tourn"]
[EventRounds "7"]
[EventCountry "GER"]
[SourceTitle "EXT 2008"]
[Source "ChessBase"]
[SourceDate "2007.11.25"]
[SourceVersion "1"]
[SourceVersionDate "2007.11.25"]
[SourceQuality "1"]
[WhiteTeam "Saerbeck III"]
[BlackTeam "Neuenkirchen II"]
[WhiteTeamCountry "GER"]
[BlackTeamCountry "GER"]

1. d4 Nf6 2. c4 e6 3. Nc3 Bb4 4. Qc2 d5 5. e3 c5 6. Nf3 Qa5 7. Bd2 a6 8. Bd3 dxc4 9. Bxc4 b5 10. Be2 Nbd7 11. 0-0 Bb7 12. a3 Bxc3 13. Bxc3 Qc7 14. h3 cxd4 15. exd4 Nd5 16. Qd2 Nxc3 17. Qxc3 Qxc3 18. bxc3 Rc8 19. Rfc1 0-0 20. a4 bxa4 21. Rxa4 Bxf3 22. Bxf3 Nb8 23. Bb7 Rc7 24. Bxa6 Nxa6 25. Rxa6 Rfc8 26. Ra3 Kf8 27. Kf1 Ke7 28. Ke2 Rb8 29. Ra2 Rc4 30. Kd3 Rbc8 31. Rac2 f5 32. f4 h6 33. g3 Kf6 34. Re1 g5 35. Re3 R8c6 1/2-1/2

[Event "Muensterland Verbandsklasse-B 0405"]
[Site "Muensterland"]
[Date "2005.03.19"]
[Round "8.7"]
[White "Tietz, Hans Joachim"]
[Black "Hofmann, Robert"]
[Result "0-1"]
[WhiteElo "1541"]
[BlackElo "1592"]
[PlyCount "128"]
[EventDate "2004.09.11"]
[EventType "team-tourn"]
[EventRounds "9"]
[EventCountry "GER"]
[SourceTitle "EXT 2006"]
[Source "ChessBase"]
[SourceDate "2005.11.24"]
[SourceVersion "1"]
[SourceVersionDate "2005.11.24"]
[SourceQuality "1"]
[WhiteTeam "Saerbeck II"]
[BlackTeam "Westbevern II"]
[WhiteTeamCountry "GER"]
[BlackTeamCountry "GER"]

1. d4 Nf6 2. Nf3 g6 3. c4 Bg7 4. Nc3 c6 5. e3 d6 6. Be2 0-0 7. h3 Nbd7 8. 0-0 e5 9. dxe5 Nxe5 10. Nxe5 dxe5 11. e4 Be6 12. Be3 Qc7 13. Qc2 Rad8 14. Rad1 Rd7 15. Rxd7 Nxd7 16. b3 Rd8 17. Rc1 Bf8 18. Nb1 f5 19. f3 Bc5 20. Bxc5 Nxc5 21. b4 Nd7 22. a3 Nf6 23. Nc3 Nh5 24. Kh2 Qe7 25. Rg1 Qg5 26. Rd1 Qf4+ 27. Kg1 Qe3+ 28. Kh2 Rd4 29. Rxd4 exd4 30. Nd1 Qf4+ 31. Kg1 Ng3 32. Bd3 b6 33. exf5 Nxf5 34. Qe2 Ne3 35. Nxe3 dxe3 36. Be4 Kf7 37. a4 c5 38. bxc5 bxc5 39. a5 h5 40. Qd3 Qg5 41. Bd5 Qe5 42. Bxe6+ Qxe6 43. Kf1 Qe5 44. Ke2 Qb2+ 45. Kxe3 Qc1+ 46. Kf2 Qb2+ 47. Ke3 Qc1+ 48. Ke4 Qe1+ 49. Qe3 Qxa5 50. Kd5 Qd8+ 51. Ke4 Qe7+ 52. Kd3 Qxe3+ 53. Kxe3 Ke6 54. g3 Ke5 55. h4 a5 56. Kd3 a4 57. Kc3 a3 58. Kb3 Kd4 59. g4 a2 60. Kxa2 Kxc4 61. gxh5 gxh5 62. Kb2 Kd4 63. Kc2 Ke3 64. Kc3 Kxf3 0-1

[Event "Steinfurt Bezirksliga 0405"]
[Site "Germany"]
[Date "2005.01.15"]
[Round "5.4"]
[White "Tietz, Hans Joachim"]
[Black "Tillack, Jan"]
[Result "1-0"]
[WhiteElo "1541"]
[BlackElo "1548"]
[PlyCount "87"]
[EventDate "2004.09.25"]
[EventType "team-tourn"]
[EventRounds "11"]
[EventCountry "GER"]
[SourceTitle "EXT 2006"]
[Source "ChessBase"]
[SourceDate "2005.11.24"]
[SourceVersion "1"]
[SourceVersionDate "2005.11.24"]
[SourceQuality "1"]
[WhiteTeam "Saerbeck III"]
[BlackTeam "Emsdetten Rochade III"]
[WhiteTeamCountry "GER"]
[BlackTeamCountry "GER"]

1. d4 e6 2. c4 d5 3. Nc3 Nf6 4. Nf3 Bb4 5. e3 0-0 6. a3 Bxc3+ 7. bxc3 b6 8. cxd5 Nxd5 9. c4 Nf6 10. Bd3 Bb7 11. 0-0 Nbd7 12. Bb2 Qe7 13. Qe2 Rfd8 14. e4 c5 15. d5 exd5 16. exd5 Qxe2 17. Bxe2 Ba6 18. Rfe1 Re8 19. Bf1 Kf8 20. Nd2 Rab8 21. a4 Rxe1 22. Rxe1 Re8 23. Rxe8+ Kxe8 24. f3 Ke7 25. Kf2 Ne8 26. Bd3 g6 27. Ke3 Nd6 28. g3 f6 29. f4 f5 30. h3 h5 31. Be5 Nf6 32. Bxd6+ Kxd6 33. Nf3 Nd7 34. Be2 Ke7 35. Ne5 Nxe5 36. fxe5 g5 37. Kd3 h4 38. gxh4 gxh4 39. Bh5 Bc8 40. Ke3 f4+ 41. Kxf4 Bxh3 42. d6+ Kf8 43. Kg5 Be6 44. Kf6 1-0

[Event "Steinfurt Bezirksklasse 0304"]
[Site "Germany"]
[Date "2004.05.15"]
[Round "10.4"]
[White "Tebbe, Jonas"]
[Black "Tietz, Hans Joachim"]
[Result "1/2-1/2"]
[WhiteElo "1230"]
[BlackElo "1578"]
[PlyCount "23"]
[EventDate "2003.09.27"]
[EventType "team-tourn"]
[EventRounds "11"]
[EventCountry "GER"]
[SourceTitle "EXT 2005"]
[Source "ChessBase"]
[SourceDate "2004.11.15"]
[SourceVersion "1"]
[SourceVersionDate "2004.11.15"]
[SourceQuality "1"]
[WhiteTeam "Nordwalde III"]
[BlackTeam "Saerbeck Falke III"]
[WhiteTeamCountry "GER"]
[BlackTeamCountry "GER"]

1. d4 Nf6 2. Nc3 d5 3. f4 c6 4. Nf3 Nbd7 5. e3 g6 6. Bd3 Bg7 7. 0-0 0-0 8. Qd2 Nb6 9. e4 dxe4 10. Nxe4 Nbd5 11. Re1 Nxe4 12. Bxe4 1/2-1/2